Categories for the working mathematician : second edition
Salvato in:
| Autore principale: | |
|---|---|
| Natura: | Libro |
| Lingua: | inglese |
| Pubblicazione: |
New York :
Springer-Verlag New York,
1998
|
| Edizione: | 2nd ed. |
| Soggetti: | |
| Tags: |
Nessun Tag, puoi essere il primo ad aggiungerne!!
|
MARC
| LEADER | 00000nam a22000003a 4500 | ||
|---|---|---|---|
| 001 | stu301548 | ||
| 005 | 20190206105301.3 | ||
| 008 | 141201s--------xxu-----------------eng-d | ||
| 040 | |a STU |b slo | ||
| 041 | 0 | |a eng | |
| 044 | |a xxu | ||
| 100 | 1 | |a Mac Lane, Saunders |4 aut | |
| 245 | 1 | |a Categories for the working mathematician : |b second edition | |
| 250 | |a 2nd ed. | ||
| 260 | |a New York : |b Springer-Verlag New York, |c 1998 | ||
| 300 | |a 12, 314 p | ||
| 650 | 7 | |a logika matematická |2 stusub | |
| 996 | |c V*52075/O-23300 |l VV11 |s P |a 0 |w stu301548_0001 | ||